ՀՀ Գիտությունների ազգային ակադեմիայի հիմնարար գիտական գրադարան  =   Fundamental Scientific Library of NAS RA

Fernab der Heimat, in der Heimat : Schicksale armenischer Soldaten im Ersten Weltkrieg = (Record no. 462210)

MARC details
000 -LEADER
fixed length control field 02485nam a22003497a 4500
003 - CONTROL NUMBER IDENTIFIER
control field AM-YEHGA
040 ## - CATALOGING SOURCE
Original cataloging agency AM-YeHGA
001 - CONTROL NUMBER
control field 1662225
005 - DATE AND TIME OF LATEST TRANSACTION
control field 20250617160916.0
008 - FIXED-LENGTH DATA ELEMENTS--GENERAL INFORMATION
fixed length control field 191115s2019 ai ||||gr|||| 00| 0 ger d
020 ## - INTERNATIONAL STANDARD BOOK NUMBER
International Standard Book Number 9789994109333
041 0# - LANGUAGE CODE
Language code of text/sound track or separate title ger
041 1# - LANGUAGE CODE
Language code of text/sound track or separate title arm
Language code of original ger
041 1# - LANGUAGE CODE
Language code of text/sound track or separate title eng
Language code of original ger
090 ## - LOCALLY ASSIGNED LC-TYPE CALL NUMBER (OCLC); LOCAL CALL NUMBER (RLIN)
-- 465386
245 00 - TITLE STATEMENT
Title Fernab der Heimat, in der Heimat : Schicksale armenischer Soldaten im Ersten Weltkrieg =
Remainder of title Հայրենիքից հեռու, հայրենիքում : Հայ ռազմիկների ճակատագիրն առաջին աշխարհամարտում = Far from the Fatherland, in the Fatherland : Fates of Armenian Soliders in World War I /
Statement of responsibility, etc. Տեքստերի հեղ.՝ Յ. Դում-Թրագուտ; Անգլ. թարգմ.՝ Յ. Դում-Թրագուտ և Ռ. Քակաուֆ; Հայեր թարգմ.՝ Հ. Մարտիրոսյան և Թ. Մարտոյան; Անգլ. տեքստերի խմբ.՝ Ս. Ֆորեստ; Հայեր. տեքստ. խմբ.՝ Ս. Պարսամյան; Պատկերագրքի ձևավորող՝ Վ. Քեխթ-Քոֆլեր; Հայոց ցեղասպանության թանգարան-ինստիտուտ հիմնադրամ.
246 11 - VARYING FORM OF TITLE
Title proper/short title Հայրենիքից հեռու, հայրենիքում :
Remainder of title Հայ ռազմիկների ճակատագիրն առաջին աշխարհամարտում
246 11 - VARYING FORM OF TITLE
Title proper/short title Far from the Fatherland, in the Fatherland :
Remainder of title Fates of Armenian Soliders in World War I
260 ## - PUBLICATION, DISTRIBUTION, ETC.
Place of publication, distribution, etc. [Երևան] :
Name of publisher, distributor, etc. Ա. հ.,
Date of publication, distribution, etc. 2019.
300 ## - PHYSICAL DESCRIPTION
Extent 92 էջ :
Other physical details լուսանկ ;
Dimensions 29 x 29 սմ.
650 14 - SUBJECT ADDED ENTRY--TOPICAL TERM
Topical term or geographic name entry element Համաշխարհային պատերազմ, 1914-1918
General subdivision Հայերի մասնակցությունը
700 1# - ADDED ENTRY--PERSONAL NAME
Personal name Դում-Թրագուտ, Յասմին
Relator term տեքստերի հեղ.
Relationship txt
700 1# - ADDED ENTRY--PERSONAL NAME
Personal name Դում-Թրագուտ, Յասմին
Relator term անգլ. թարգմ.
Relationship trl
700 1# - ADDED ENTRY--PERSONAL NAME
Personal name Քակաուֆ, Ռեգինա
Relator term անգլ. թարգմ.
Relationship trl
700 1# - ADDED ENTRY--PERSONAL NAME
Personal name Մարտիրոսյան, Հասմիկ
Relator term հայերենի թարգմ.
Relationship trl
700 1# - ADDED ENTRY--PERSONAL NAME
Personal name Մարտոյան, Թեհմինե
Relator term հայերենի թարգմ.
Dates associated with a name trl
700 1# - ADDED ENTRY--PERSONAL NAME
Personal name Ֆորեստ, Սյուզաննա
Relator term անգլ. տեքստերի խմբ.
Dates associated with a name edt
700 1# - ADDED ENTRY--PERSONAL NAME
Personal name Պարսամյան, Սեդա
Relator term hայեր. տեքստ. խմբ.
Relationship edt
700 1# - ADDED ENTRY--PERSONAL NAME
Personal name Քեխթ-Քոֆլեր, Վալերի
Relator term պատկերագրքի ձևավորող
Relationship dsn
710 2# - ADDED ENTRY--CORPORATE NAME
Corporate name or jurisdiction name as entry element Հայոց ցեղասպանության թանգարան-ինստիտուտ հիմնադրամ.
942 ## - ADDED ENTRY ELEMENTS (KOHA)
Source of classification or shelving scheme Universal Decimal Classification
Koha item type Գրքեր / Books
Holdings
Withdrawn status Lost status Source of classification or shelving scheme Damaged status Not for loan Collection Home library Current library Date acquired Total checkouts Full call number Barcode Date last seen Price effective from Koha item type Public note
    Universal Decimal Classification     General Fundamental Scientific Library Fundamental Scientific Library 26/04/2021   И III/22119 FL0645503 26/04/2021 26/04/2021 Գրքեր / Books 30 Days Loan


ՀՀ ԳԱԱ հիմնարար գիտական գրադարան
ՀՀ,Երևան 0019
Մարշալ Բաղրամյան 24/6
հեռախոս:(374-10) 52-47-50
Հետադարձ կապ

All site content, except where otherwise noted, is licensed under a
Creative Commons License